00381nam a2200109Ia 4500008004100000082000800041100002100049245008100070942000600151952009900157999001500256240331s9999 xx 000 0 und d bWAR aWarnapala, W.A.W 0aCivil service administration in Ceylon :ba study in bureaucratic adaptation cL 001040708LaWERCLbWERCLcSSCd2024-03-31l0o 350.954 WARp3198r2024-03-31w2024-03-31yL c2860d2860